Most Populous Counties in Alabama - Statistics

General Stats
  • This quiz has been taken 11 times
  • The average score is 10 of 15
Answer Stats
Population County % Correct
656,861 {Jefferson} County
91%
233,992 {Baldwin} County
82%
166,314 {Lee} County
82%
411,814 {Mobile} County
82%
226,450 {Montgomery} County
82%
104,391 {Limestone} County
73%
384,719 {Madison} County
73%
221,940 {Shelby} County
73%
211,427 {Tuscaloosa} County
73%
101,582 {Etowah} County
55%
108,106 {Houston} County
55%
92,979 {Lauderdale} County
55%
97,982 {Marshall} County
45%
112,153 {Calhoun} County
36%
120,631 {Morgan} County
36%
No matching quizzes found
Score Distribution
Percent of People with Each Score
Percentile by Number Answered
Your Score History
You have not taken this quiz